LEADER 00861nam0-22003011i-450- 001 990007930060403321 005 20041011084805.0 035 $a000793006 035 $aFED01000793006 035 $a(Aleph)000793006FED01 035 $a000793006 100 $a20041011d1959----km-y0itay50------ba 101 0 $afre 102 $aFR 105 $ay-------001yy 200 1 $a<>atheisme du jeune Marx$eses origines hegeliennes$fpar Georges M.-M. Cottier 210 $aParis$cLibrairie philosophiques J. Vrin$d1959 215 $a384 p.$d26 cm 225 1 $aProblèmes et controverses 676 $a211.8$v11 rid.$zita 700 1$aCottier,$bGeorges$0170366 801 0$aIT$bUNINA$gRICA$2UNIMARC 901 $aBK 912 $a990007930060403321 952 $aXI C C 35$b1230$fDFD 959 $aDFD 996 $aAtheisme du jeune Marx$9210031 997 $aUNINA LEADER 01036nam0-2200361---450 001 990009398970403321 005 20200102113523.0 010 $a354020833X 035 $a000939897 035 $aFED01000939897 035 $a(Aleph)000939897FED01 035 $a000939897 100 $a20110715d2005----km-y0itay50------ba 101 1 $aeng 102 $aDE 105 $aa-------001yy 200 1 $aPlant ecology$fErnst-Detlef Schulze, Erwin Beck, Klaus Muller-Hohenstein 210 $aBerlin [etc.]$cSpringer$dc2005 215 $aIX, 702 p.$cill.$d28 cm 454 0$12001$aPflanzenokologie$915453 610 0 $aEcologia vegetale 676 $a581.7$v20$zita 676 $a571.7$v23$zita 700 1$aSchulze,$bErnst-Detlef$0150652 701 1$aBeck,$bErwin$0512033 701 1$aMuller-Hohenstein,$bKlaus$0512034 801 0$aIT$bUNINA$gRICA$2UNIMARC 901 $aBK 912 $a990009398970403321 952 $a60 581.7 SCHE 2005$b12711$fFAGBC 959 $aFAGBC 996 $aPflanzenokologie$915453 997 $aUNINA LEADER 03033nam 2200697 450 001 9910811807903321 005 20210817111955.0 010 $a1-315-57365-2 010 $a1-317-16138-6 010 $a1-138-24594-1 010 $a1-317-16137-8 010 $a1-4724-2465-4 035 $a(CKB)3710000000088764 035 $a(EBL)1590705 035 $a(SSID)ssj0001108032 035 $a(PQKBManifestationID)11603637 035 $a(PQKBTitleCode)TC0001108032 035 $a(PQKBWorkID)11086391 035 $a(PQKB)10868234 035 $a(MiAaPQ)EBC1590705 035 $a(MiAaPQ)EBC5293882 035 $a(OCoLC)1264209355 035 $a(CaBNVSL)9781315573656 035 $a(PPN)17974562X 035 $a(EXLCZ)993710000000088764 100 $a20210817h20212016 uy 0 101 0 $aeng 135 $aur|n|---||||| 181 $ctxt 182 $cc 183 $acr 200 10$aConstructing urban space with sounds and music /$fRicciarda Belgiojoso 205 $aFirst edition. 210 1$aLondon, England :$cZed Books,$d2016. 210 2$a[London, England] :$cBloomsbury Publishing,$d2021 215 $a1 online resource (137 p.) 300 $aDescription based upon print version of record. 311 $a1-4724-2464-6 320 $aIncludes bibliographical references and index. 327 $aThe art of noises -- Is a truck passing by music? -- Concrete music -- Soundscape -- The city is an orchestra -- Instruments for transforming noises -- Sound sources and resonance -- Public spaces set to music -- Tuned promenades -- Urban sounds, notes of life -- Listening to the urban environment -- Guide lines for constructing urban space with sound. 330 $aThis book aims at drawing the reader's attention to the sound of the urban environment. Using an interdisciplinary approach, it examines a heterogeneous selection of experimentations from the domains of music, art and architecture. Significant case studies of pieces of music, public art works and scientific research in the field of urban planning are analyzed, investigating the methods that have been adopted and the aural processes that have been generated. It then uses the findings to reconstruct the underlying theories and practices and to show what might be drawn from these procedures' application. 606 $aSoundscapes (Music)$xHistory and criticism 606 $aMusic$xPhilosophy and aesthetics 606 $aMusic and architecture 606 $aCity sounds 606 $aCity planning 615 0$aSoundscapes (Music)$xHistory and criticism. 615 0$aMusic$xPhilosophy and aesthetics. 615 0$aMusic and architecture. 615 0$aCity sounds. 615 0$aCity planning. 676 $a780/.071 686 $a9,2$2ssgn 700 $aBelgiojoso$b Ricciarda$0774402 801 0$bE7B 801 1$bCaBNVSL 801 2$bCaBNVSL 906 $aBOOK 912 $a9910811807903321 996 $aConstructing urban space with sounds and music$94010957 997 $aUNINA